000 00366nam a22001217a 4500
008 230612b xxu||||| |||| 00| 0 eng d
082 _a354.676
_bGOK
245 _a1997/98 Estimates of Recurrent Expenditure of the Government of Kenya for the Year Ending 30th June, 1998
260 _aNairobi,Kenya
_bGOK
_c1997
300 _aIX,1841p
440 _vII
942 _2ddc
_cBK
999 _c1045
_d1045